[Event "ICS rated standard match"]
[Site "204.178.125.65"]
[Date "2000.06.10"]
[Round "?"]
[White "Hossa"]
[Black "chess-bomber"]
[Result "1-0"]
[WhiteElo "2303"]
[BlackElo "2056"]
[PlyCount "55"]
[EventDate "2000.??.??"]

1. d3 Nf6 2. e4 d6 3. Nf3 Nbd7 4. Nc3 e5 5. Be2 c6 6. d4 Qc7 7. O-O h6 8. Be3
b5 9. a3 a6 10. d5 cxd5 11. Nxd5 Nxd5 12. exd5 f5 13. Nh4 Nf6 14. a4 b4 15. Ng6
Rg8 16. Nxf8 Rxf8 17. Bd2 Rb8 18. a5 Nxd5 19. Bxh6 Be6 20. Bg5 Qa7 21. Bc4 Qb7
22. Qd3 Kd7 23. Rad1 Rfc8 24. Bxd5 Bxd5 25. Qxd5 Qxd5 26. Rxd5 Rxc2 27. Rfd1
Rc6 28. Rxe5 1-0

[Event "ICS rated standard match"]
[Site "204.178.125.65"]
[Date "2000.06.10"]
[Round "?"]
[White "chess-bomber"]
[Black "Hossa"]
[Result "0-1"]
[WhiteElo "2050"]
[BlackElo "2309"]
[PlyCount "60"]
[EventDate "2000.??.??"]

1. g3 d5 2. Bg2 e5 3. c4 dxc4 4. Nc3 c6 5. Qa4 Be6 6. Nf3 b5 7. Nxb5 cxb5 8.
Qxb5+ Nd7 9. O-O Rc8 10. Nxe5 Rc5 11. Nxf7 Kxf7 12. Qa4 a5 13. b3 Nb6 14. Qa3
Re5 15. Qb2 Bd6 16. Re1 Rb5 17. d4 cxb3 18. axb3 Rxb3 19. Qc2 Bb4 20. Rd1 Rc3
21. Qe4 Nf6 22. Qh4 Bb3 23. Rf1 Bc4 24. Bf3 Rxf3 25. exf3 Bxf1 26. Kxf1 Qd5 27.
Kg2 Bc3 28. Rb1 Bxd4 29. Be3 Bxe3 30. fxe3 Qa2+ 0-1

[Event "ICS rated standard match"]
[Site "204.178.125.65"]
[Date "2000.06.10"]
[Round "?"]
[White "Hossa"]
[Black "chess-bomber"]
[Result "1-0"]
[WhiteElo "2315"]
[BlackElo "2044"]
[PlyCount "147"]
[EventDate "2000.??.??"]

1. d3 g6 2. Nf3 Bg7 3. e4 d6 4. Nc3 c6 5. Be2 Nd7 6. O-O Ngf6 7. Be3 O-O 8. Qd2
Ng4 9. Bg5 h6 10. Bh4 Qc7 11. Bxe7 Re8 12. Bh4 Nde5 13. Nxe5 dxe5 14. h3 Nf6
15. Bxf6 Bxf6 16. Qxh6 Be6 17. Bg4 Bxg4 18. hxg4 Qe7 19. a3 Bg5 20. Qh3 Kg7 21.
g3 Rh8 22. Qg2 Qc5 23. Qf3 Bd2 24. Rfd1 Bxc3 25. bxc3 Qxc3 26. g5 Rh5 27. Qf6+
Kf8 28. Ra2 Re8 29. Qd6+ Kg7 30. Qb4 Qxb4 31. axb4 a6 32. f4 f6 33. gxf6+ Kxf6
34. Ra5 Reh8 35. fxe5+ Rxe5 36. Rf1+ Ke6 37. Rxe5+ Kxe5 38. Rf7 Rb8 39. Rd7 Ke6
40. Rh7 Kf6 41. d4 b6 42. Rc7 c5 43. bxc5 bxc5 44. Rxc5 Re8 45. e5+ Kf5 46. Kg2
Ke4 47. c3 g5 48. Ra5 Re6 49. Ra3 g4 50. Rb3 Rc6 51. Kf2 a5 52. Ra3 Rb6 53.
Rxa5 Rb2+ 54. Kf1 Kf3 55. Ra1 Kxg3 56. Ra7 Kf3 57. Rf7+ Ke4 58. e6 Rb8 59. e7
Re8 60. Rg7 Kd3 61. d5 Kxc3 62. d6 g3 63. Rxg3+ Kd4 64. Rg8 Rxg8 65. d7 Kc5 66.
e8=R Rxe8 67. dxe8=Q Kd6 68. Ke2 Kd5 69. Kd3 Kc5 70. Qe6 Kb5 71. Qd6 Ka4 72.
Qb6 Ka3 73. Kc3 Ka2 74. Qb2# 1-0

[Event "ICS rated standard match"]
[Site "204.178.125.65"]
[Date "2000.06.10"]
[Round "?"]
[White "Hossa"]
[Black "GodsProperty"]
[Result "1/2-1/2"]
[WhiteElo "2325"]
[BlackElo "2346"]
[PlyCount "143"]
[EventDate "2000.??.??"]

1. d3 e5 2. Nf3 Nc6 3. Nc3 d5 4. e4 Nf6 5. exd5 Nxd5 6. Nxd5 Qxd5 7. Be2 Bc5 8.
O-O O-O 9. Be3 Bf5 10. Qd2 Rad8 11. Nh4 Be6 12. c3 e4 13. d4 Be7 14. g3 Bxh4
15. gxh4 Bh3 16. Rfd1 Rfe8 17. h5 h6 18. Kh1 Bf5 19. c4 Qd7 20. d5 Ne5 21. Rg1
Bg4 22. Bxg4 Nxg4 23. Bxh6 Qf5 24. Bxg7 e3 25. fxe3 Nf2+ 26. Kg2 Ne4 27. Qe2
Kxg7 28. Raf1 Qh7 29. Rf4 c6 30. h6+ Kf8 31. Qh5 cxd5 32. Kh3 Nf6 33. Rxf6
Rxe3+ 34. Rg3 Rd3 35. Rxf7+ Qxf7 36. Qxf7+ Kxf7 37. Rxd3 d4 38. Kg4 Rd6 39. Kh5
Rd7 40. b4 Kf6 41. Rf3+ Ke5 42. Kg6 Ke4 43. Rf1 Rd8 44. h7 Kd3 45. c5 Ke2 46.
Rg1 d3 47. Rg2+ Kf3 48. Rd2 Ke3 49. Rb2 d2 50. Rxd2 Kxd2 51. b5 Ke3 52. Kg7
Rd7+ 53. Kh6 Rd8 54. h4 Rc8 55. Kg7 Rc7+ 56. Kg6 Rc8 57. h5 Kd4 58. Kg7 Rc7+
59. Kh6 Rc8 60. b6 axb6 61. cxb6 Re8 62. Kg7 Re7+ 63. Kg6 Re8 64. h6 Ke5 65.
Kf7 Rd8 66. Kg7 Rd7+ 67. Kg6 Rd6+ 68. Kg7 Rd7+ 69. Kg6 Rd6+ 70. Kg7 Rd7+ 71.
Kg6 Rd6+ 72. Kg7 1/2-1/2

[Event "ICS rated blitz match"]
[Site "204.178.125.65"]
[Date "2000.06.10"]
[Round "?"]
[White "Tinker"]
[Black "Hossa"]
[Result "1-0"]
[WhiteElo "2473"]
[BlackElo "2481"]
[PlyCount "143"]
[EventDate "2000.??.??"]

1. e4 e6 2. Nf3 d5 3. e5 Bd7 4. Be2 c5 5. d3 Nc6 6. c3 Qc7 7. d4 cxd4 8. cxd4
f6 9. exf6 Bb4+ 10. Nc3 Nxf6 11. O-O O-O 12. Nb5 Qc8 13. Qd3 Be8 14. Nc3 Bg6
15. Qe3 Bf5 16. Bd2 Ng4 17. Qg5 Be7 18. Qf4 Qd7 19. Qg3 Bd6 20. Bf4 Bxf4 21.
Qxf4 Rac8 22. Rac1 Qf7 23. Ng5 Qc7 24. Qxc7 Rxc7 25. Nb5 Rd7 26. Rfd1 Nf6 27.
Nf3 Bg4 28. h3 Bxf3 29. Bxf3 Re8 30. Rc5 a6 31. Nc3 Nb4 32. Ra5 Rc8 33. Ra4 Nc6
34. a3 Rdc7 35. Be2 Re7 36. Na2 e5 37. dxe5 Rxe5 38. Nc3 d4 39. Bc4+ Kh8 40. f4
Ree8 41. Nd5 b5 42. Rxa6 bxc4 43. Nb6 c3 44. Nxc8 Rxc8 45. bxc3 dxc3 46. Ra4
Ne7 47. Rc1 Nf5 48. g4 Ng3 49. Kg2 Ne2 50. Rc2 Nd5 51. Rxe2 c2 52. Rc4 Nxf4+
53. Kh2 c1=Q 54. Rxc1 Rd8 55. Rec2 g5 56. Rc8 Rg8 57. Rxg8+ Kxg8 58. a4 Nd5 59.
Rc5 Nb4 60. Rxg5+ Kf7 61. a5 Nc6 62. Rb5 Nd4 63. Rb7+ Ke6 64. a6 Nc6 65. Rxh7
Nd4 66. a7 Nb5 67. a8=Q Nd6 68. g5 Ke5 69. Re7+ Kf4 70. Qf8+ Nf5 71. Qf6 Kf3
72. Qxf5# {Hossa checkmated} 1-0

[Event "ICS rated blitz match"]
[Site "204.178.125.65"]
[Date "2000.06.10"]
[Round "?"]
[White "Hossa"]
[Black "Tinker"]
[Result "0-1"]
[WhiteElo "2465"]
[BlackElo "2489"]
[PlyCount "124"]
[EventDate "2000.??.??"]

1. e4 e5 2. Bc4 Nf6 3. d3 Bb4+ 4. c3 Be7 5. f4 Nc6 6. Nf3 exf4 7. Bxf4 d6 8.
O-O Na5 9. Nbd2 Nxc4 10. Nxc4 O-O 11. Ne3 Nh5 12. Nd5 Nxf4 13. Nxf4 c6 14. d4
Bd7 15. Qc2 Qb6 16. Rf2 Rfb8 17. Raf1 Qd8 18. c4 Qf8 19. Qc3 Re8 20. Qb3 Bc8
21. Qd3 a5 22. Ne2 Bf6 23. Nc3 Be6 24. Na4 Rab8 25. b3 Be7 26. Nc3 Bf6 27. a3
Bg4 28. Qe3 h6 29. Qd2 Ra8 30. Qd3 Bh5 31. Qe3 Bg6 32. Qf4 Rad8 33. Rd1 Re6 34.
b4 Rde8 35. Re2 axb4 36. axb4 Rd8 37. Rf2 Ree8 38. b5 cxb5 39. cxb5 Re6 40. Re1
Rde8 41. b6 Bd8 42. d5 Rf6 43. Qe3 Bh5 44. Ne2 Bxf3 45. Rxf3 Rxf3 46. gxf3 f5
47. Ra1 fxe4 48. fxe4 Qf7 49. Ra8 Kh7 50. Ra3 Bg5 51. Qd4 Rf8 52. Ng3 Qf4 53.
Kg2 Bh4 54. Kh3 Bxg3 55. hxg3 Qf1+ 56. Kg4 Qe2+ 57. Kh3 Rf1 58. g4 Rh1+ 59. Kg3
Qf1 60. Qxg7+ Kxg7 61. Rf3 Rh3+ 62. Kf4 Rxf3# {Hossa checkmated} 0-1

[Event "ICS Rated standard match"]
[Site "204.178.125.65"]
[Date "2000.06.10"]
[Round "?"]
[White "Tinker"]
[Black "Hossa"]
[Result "1/2-1/2"]
[WhiteElo "2363"]
[BlackElo "2326"]
[PlyCount "82"]
[EventDate "2000.??.??"]

1. e4 e5 2. Nf3 Nc6 3. Bb5 a6 4. Bxc6 dxc6 5. O-O Qd6 6. Na3 b5 7. d4 exd4 8.
Nxd4 Bb7 9. Nf5 Qxd1 10. Rxd1 Bc8 11. Ng3 Bd6 12. Nh5 Bg4 13. Nxg7+ Kf8 14. f3
Kxg7 15. fxg4 Nf6 16. Be3 Bxh2+ 17. Kxh2 Nxg4+ 18. Kg3 Nxe3 19. Rd3 Nc4 20.
Nxc4 bxc4 21. Rd7 Rab8 22. b3 Rb7 23. e5 Rg8 24. Rf1 cxb3 25. axb3 Kh6+ 26. Kh2
Rb5 27. Rfxf7 Rxe5 28. Rxh7+ Kg6 29. Rxc7 Re2 30. Rh3 Kf5 31. Rh5+ Ke6 32.
Rxc6+ Kd7 33. Rc4 Rexg2+ 34. Kh1 Rg1+ 35. Kh2 R1g2+ 36. Kh3 R8g3+ 37. Kh4 Rg7
38. Kh3 R2g3+ 39. Kh4 Rg2 40. Kh3 R2g3+ 41. Kh4 Rg2 1/2-1/2

[Event "ICS rated blitz match"]
[Site "204.178.125.65"]
[Date "2000.06.10"]
[Round "?"]
[White "Hossa"]
[Black "ugh"]
[Result "0-1"]
[WhiteElo "2450"]
[BlackElo "2449"]
[PlyCount "58"]
[EventDate "2000.??.??"]

1. e4 e5 2. Nf3 Nc6 3. Bb5 Bc5 4. O-O Nf6 5. Bxc6 dxc6 6. Nxe5 Nxe4 7. Qe1 Qd5
8. Nc3 Qxe5 9. Qxe4 Qe6 10. d3 O-O 11. Bf4 Bd6 12. Bxd6 cxd6 13. Rfe1 Qxe4 14.
Nxe4 d5 15. Nd6 Be6 16. f4 g6 17. Nxb7 Rfb8 18. Nc5 Rxb2 19. c3 Bf5 20. a4 Kg7
21. Re7 Rc2 22. Rc7 Re8 23. Rxa7 Ree2 24. Kh1 Rxg2 25. h4 Bh3 26. Ne6+ Kh6 27.
Rxf7 Rh2+ 28. Kg1 Rcg2+ 29. Kf1 Rh1# {Hossa checkmated} 0-1

[Event "ICS rated standard match"]
[Site "204.178.125.65"]
[Date "2000.06.10"]
[Round "?"]
[White "Hossa"]
[Black "Tinker"]
[Result "0-1"]
[WhiteElo "2328"]
[BlackElo "2361"]
[PlyCount "214"]
[EventDate "2000.??.??"]

1. e4 e5 2. Nf3 Nf6 3. Nxe5 d6 4. Nf3 Nxe4 5. Qe2 Qe7 6. d3 Nf6 7. Bg5 Qxe2+ 8.
Bxe2 Be7 9. Nc3 h6 10. Be3 O-O 11. O-O-O Ng4 12. Nd5 Bd8 13. Nd4 Nxe3 14. fxe3
c6 15. Nf4 Re8 16. e4 Bb6 17. c3 d5 18. Bf3 dxe4 19. dxe4 Nd7 20. Kb1 Ne5 21.
Nd3 Nxf3 22. gxf3 a5 23. Nc2 Bc7 24. Rd2 a4 25. Rhd1 Ra5 26. Rf1 Be6 27. Ne3 a3
28. b3 Rh5 29. Rff2 Rf8 30. Nc2 Ra5 31. Rd1 Rfa8 32. Nd4 Bd7 33. f4 Rd8 34. Rg2
Bd6 35. Rdg1 Bf8 36. b4 Rh5 37. Ne5 Bh3 38. Rd2 Rh4 39. Rd3 Re8 40. Ne2 Be6 41.
Nf3 Rh3 42. Rg3 Rh5 43. Rd2 Bc8 44. e5 c5 45. b5 Bf5+ 46. Kc1 c4 47. Ned4 Be4
48. Re2 Bd3 49. Re1 Be7 50. Reg1 g6 51. Rd1 Be4 52. Nd2 Bd3 53. N2f3 Bc5 54.
Kd2 Rd8 55. h3 Bb6 56. Re1 Re8 57. Rd1 Kf8 58. Ke3 Bc2 59. Rc1 Bf5 60. h4 Bd3
61. Rh1 Rd8 62. Kd2 Kg8 63. Rh2 Ba5 64. e6 fxe6 65. Nxe6 Rd6 66. f5 Bxf5+ 67.
Ned4 Be4 68. Ke2 Bxc3 69. Ke3 Bd3 70. Rg4 Ba5 71. Rf2 Bb6 72. Kd2 Rhd5 73. Rf4
Rd8 74. Ke3 Re8+ 75. Kd2 Re4 76. Rxe4 Bxe4 77. Kc3 Bd3 78. Kb4 Bxd4 79. Nxd4
Rxd4 80. Rh2 Kf7 81. Rh3 Rd5 82. Rf3+ Rf5 83. Rh3 Rh5 84. Kxa3 Rxb5 85. Ka4 Rb2
86. Rf3+ Ke6 87. Ka3 Rh2 88. Rf4 c3 89. Rf3 c2 90. Re3+ Kf5 91. Re1 Rxh4 92.
Kb3 Rc4 93. Rc1 h5 94. Kb2 h4 95. Kb3 h3 96. a4 g5 97. a5 g4 98. Ka2 g3 99. a6
Ra4+ 100. Kb3 Rxa6 101. Kc3 Rd6 102. Rg1 h2 103. Rc1 g2 104. Re1 h1=Q 105. Rxh1
gxh1=Q 106. Kb2 Qb1+ 107. Kc3 c1=Q# {Hossa checkmated} 0-1

[Event "ICS rated standard match"]
[Site "204.178.125.65"]
[Date "2000.06.10"]
[Round "?"]
[White "Tinker"]
[Black "Hossa"]
[Result "0-1"]
[WhiteElo "2375"]
[BlackElo "2314"]
[PlyCount "118"]
[EventDate "2000.??.??"]

1. e4 e5 2. Nf3 Nc6 3. Bb5 a6 4. Bxc6 dxc6 5. O-O f6 6. d4 Bg4 7. dxe5 Qxd1 8.
Rxd1 fxe5 9. h3 Bxf3 10. gxf3 Bd6 11. Nd2 O-O-O 12. Nc4 Nf6 13. f4 Bc5 14.
Rxd8+ Rxd8 15. fxe5 Nxe4 16. Kg2 Bxf2 17. Kf3 Bc5 18. Kxe4 Rd4+ 19. Kf3 Rxc4
20. c3 Rh4 21. Kg3 Be7 22. Bf4 g5 23. Bd2 h5 24. Rf1 g4 25. hxg4 Rxg4+ 26. Kf3
Rg7 27. Rh1 Rf7+ 28. Ke4 h4 29. Be1 b6 30. e6 Rf6 31. Ke5 Kb7 32. Bxh4 Rh6 33.
Bxe7 Rxh1 34. Bf6 Kc8 35. c4 Rf1 36. Bh4 Rb1 37. b3 Ra1 38. Kf6 Rxa2 39. Kf7
Re2 40. Bf6 c5 41. Ba1 c6 42. Bf6 b5 43. Be7 bxc4 44. bxc4 Re4 45. Bxc5 a5 46.
Bd6 a4 47. e7 Kd7 48. Bc5 Rf4+ 49. Kg6 Rxc4 50. Bd6 Re4 51. Kf5 Kxd6 52. Kxe4
Kxe7 53. Kd4 c5+ 54. Kc3 Kd7 55. Kc4 Kc6 56. Kd3 a3 57. Kc2 c4 58. Kb1 c3 59.
Kc2 a2 {Tinker resigns} 0-1

[Event "ICS rated blitz match"]
[Site "204.178.125.65"]
[Date "2000.06.10"]
[Round "?"]
[White "MissSilicon"]
[Black "Hossa"]
[Result "0-1"]
[WhiteElo "2601"]
[BlackElo "2434"]
[PlyCount "102"]
[EventDate "2000.??.??"]

1. e4 e5 2. Nf3 Nc6 3. Bb5 a6 4. Ba4 d6 5. O-O Bd7 6. d4 Nf6 7. d5 Na7 8. Bxd7+
Qxd7 9. Nbd2 Be7 10. c4 O-O 11. Re1 Ng4 12. h3 Nf6 13. Nf1 Nc8 14. Qc2 Na7 15.
Ng3 c6 16. Nf5 cxd5 17. cxd5 Rac8 18. Qd3 Nb5 19. Be3 Rfe8 20. Rec1 Bf8 21. Bg5
Be7 22. a4 Nc7 23. Rc2 Bd8 24. b3 Nfxd5 25. Rac1 Bxg5 26. Nxg5 f6 27. Nxd6 Qxd6
28. Rxc7 Rxc7 29. Rxc7 Qxc7 30. Qxd5+ Kf8 31. Ne6+ Rxe6 32. Qxe6 Qc1+ 33. Kh2
Qf4+ 34. Kh1 Qxe4 35. Qd6+ Kf7 36. f3 Qc6 37. Qxc6 bxc6 38. Kg1 Ke6 39. Kf2 Kd5
40. Ke3 f5 41. Kd3 e4+ 42. Ke3 Kc5 43. fxe4 fxe4 44. Kxe4 Kb4 45. Kd4 a5 46. g3
Kxb3 47. Kc5 Kxa4 48. Kc4 Ka3 49. Kc3 a4 50. h4 h5 51. Kc2 Kb4 {
MissSilicon resigns} 0-1

[Event "ICS rated standard match"]
[Site "204.178.125.65"]
[Date "2000.06.10"]
[Round "?"]
[White "Hossa"]
[Black "FermatX"]
[Result "0-1"]
[WhiteElo "2333"]
[BlackElo "2224"]
[PlyCount "98"]
[EventDate "2000.??.??"]

1. e4 c5 2. Nf3 e6 3. d4 cxd4 4. Nxd4 Nf6 5. Nc3 d6 6. Be3 Nc6 7. Bb5 Bd7 8.
O-O a6 9. Nxc6 bxc6 10. Bd3 Qb8 11. Rb1 Be7 12. Qd2 O-O 13. Na4 c5 14. Nc3 Bc6
15. Qe2 d5 16. exd5 exd5 17. Bf4 Qxf4 18. Qxe7 c4 19. Be2 d4 20. g3 Qf5 21. Qd6
Qd7 22. Qxd7 Bxd7 23. Nd1 Ne4 24. Re1 Nd2 25. Rc1 Rae8 26. Kg2 Bc6+ 27. Kh3 Re6
28. g4 Rfe8 29. b3 Rh6+ 30. Kg3 Ne4+ 31. Kg2 Nc3+ 32. Kg3 Nxe2+ 33. Rxe2 Rxe2
34. bxc4 Rf6 35. Kh4 h6 36. Rb1 g5+ 37. Kh5 Rf3 38. h4 Rh3 39. Kxh6 Re6+ 40.
Kxg5 f6+ 41. Kf5 Kf7 42. Rb3 d3 43. g5 Rf3+ 44. Kg4 f5+ 45. Kh5 Rfe3 46. g6+
Rxg6 47. Rb7+ Bxb7 48. Nxe3 Bf3+ 49. Ng4 Bxg4# {Hossa checkmated} 0-1

[Event "ICS rated standard match"]
[Site "204.178.125.65"]
[Date "2000.06.11"]
[Round "?"]
[White "FermatX"]
[Black "Hossa"]
[Result "1-0"]
[WhiteElo "2441"]
[BlackElo "2330"]
[PlyCount "119"]
[EventDate "2000.??.??"]

1. d4 Nf6 2. c4 g6 3. Nc3 d5 4. cxd5 Nxd5 5. e4 Nxc3 6. bxc3 Bg7 7. Be3 e5 8.
Nf3 exd4 9. cxd4 O-O 10. Rc1 Bg4 11. e5 Nc6 12. Be2 Qd5 13. Qb3 Qxb3 14. axb3
Rad8 15. O-O Bxf3 16. Bxf3 Nxd4 17. Bxd4 Rxd4 18. Rxc7 Bxe5 19. Rxb7 Bb8 20. g3
Re8 21. Ra1 Rd2 22. Ra5 Rdd8 23. Bd5 Rf8 24. Rab5 Kg7 25. f4 Kf6 26. Kg2 Rc8
27. Bxf7 Bxf4 28. Bc4 Be3 29. Rxh7 Rc5 30. Rbb7 Rcc8 31. h4 Bc5 32. Rbg7 Rh8
33. Rf7+ Ke5 34. Rhg7 Rc6 35. Rf1 Bb4 36. Rxa7 Rd8 37. Rb7 Rd2+ 38. Kh3 Bc5 39.
Rb8 Be3 40. Re8+ Kd4 41. Re1 Bf2 42. R1e6 Rxe6 43. Rxe6 g5 44. hxg5 Kc5 45. g6
Rd7 46. Re5+ Kb4 47. Bf7 Rd3 48. Rg5 Bd4 49. Rd5 Rxg3+ 50. Kxg3 Bg7 51. Be6 Kc3
52. Rd7 Bf6 53. g7 Kb4 54. g8=Q Be5+ 55. Kf3 Ka3 56. Qa8+ Kb4 57. Qa4+ Kc5 58.
b4+ Kb6 59. Qa5+ Kc6 60. Qc5# {Hossa checkmated} 1-0

[Event "ICS rated blitz match"]
[Site "204.178.125.65"]
[Date "2000.06.11"]
[Round "?"]
[White "Hossa"]
[Black "inmichess"]
[Result "0-1"]
[WhiteElo "2457"]
[BlackElo "2341"]
[PlyCount "86"]
[EventDate "2000.??.??"]

1. e4 e5 2. Nf3 Nc6 3. Bb5 Nge7 4. O-O a6 5. Ba4 d6 6. d3 b5 7. Bb3 Na5 8. Bd2
Nxb3 9. axb3 Bg4 10. Ba5 Nc6 11. b4 Be7 12. Nc3 Nxa5 13. Rxa5 c6 14. h3 Bh5 15.
Qe2 O-O 16. g4 Bg6 17. Rfa1 Qc8 18. R5a2 Bd8 19. Nd1 Qb7 20. b3 Re8 21. Ne3 d5
22. Nf5 Bxf5 23. gxf5 d4 24. Qd2 Bf6 25. Ne1 Be7 26. Ng2 Bd6 27. f6 g6 28. Nh4
Bf8 29. Nf3 Re6 30. h4 h6 31. c3 dxc3 32. Qxc3 Bd6 33. Rc2 Bc7 34. Nh2 h5 35.
Nf3 Rae8 36. Re2 Rxf6 37. d4 exd4 38. Nxd4 Be5 39. Rd1 Qd7 40. Red2 Qg4+ 41.
Kf1 Qxe4 42. f3 Bxd4 43. Qxd4 Qxf3+ {Hossa resigns} 0-1

[Event "ICS rated blitz match"]
[Site "204.178.125.65"]
[Date "2000.06.11"]
[Round "?"]
[White "inmichess"]
[Black "Hossa"]
[Result "1-0"]
[WhiteElo "2362"]
[BlackElo "2436"]
[PlyCount "123"]
[EventDate "2000.??.??"]

1. e4 e5 2. Nf3 Nc6 3. c3 d5 4. Qa4 f6 5. Bb5 Nge7 6. O-O Be6 7. exd5 Bxd5 8.
Qg4 h5 9. Qh3 a6 10. Bxc6+ Bxc6 11. d4 Bd7 12. Qg3 h4 13. Nxh4 g5 14. Bxg5 fxg5
15. Qxg5 exd4 16. Ng6 Rg8 17. Re1 Bb5 18. Qh5 Kd7 19. Qh3+ Ke8 20. Qh7 Rg7 21.
Qh5 Kd7 22. Nf4 Qb8 23. Ne6 Rg8 24. Qh3 Ke8 25. Qh7 Kd7 26. Nc5+ Kd8 27. Rxe7
Rxg2+ 28. Kxg2 Bxe7 29. Qh8+ Be8 30. Qxd4+ Bd6 31. Nd2 Qc8 32. Nf3 Qf5 33.
Nxb7+ Kc8 34. Nxd6+ cxd6 35. Qxd6 Ra7 36. Nd4 Rg7+ 37. Kh1 Qxf2 38. Qxa6+ Kb8
39. Qb6+ Ka8 40. Qd8+ Ka7 41. Qa5+ Kb7 42. Qd5+ Kb6 43. Qa8 Rg6 44. Qb8+ Ka6
45. Qc8+ Kb6 46. Qd8+ Ka6 47. Qd5 Kb6 48. Rb1 Rg7 49. a3 Rg6 50. b3 Bd7 51. a4
Kc7 52. Rd1 Kb6 53. a5+ Kc7 54. Ne6+ Kb8 55. Qe5+ Ka8 56. Qh8+ Rg8 57. Qxg8+
Be8 58. Qxe8+ Ka7 59. Rd7+ Ka6 60. Rd6+ Kb7 61. Qe7+ Kb8 62. Rd8# 1-0

[Event "ICS rated standard match"]
[Site "204.178.125.65"]
[Date "2000.06.11"]
[Round "?"]
[White "expert101"]
[Black "Hossa"]
[Result "0-1"]
[WhiteElo "2179"]
[BlackElo "2327"]
[PlyCount "92"]
[EventDate "2000.??.??"]

1. e4 e5 2. Nf3 Nc6 3. Bb5 a6 4. Bxc6 dxc6 5. d4 exd4 6. Qxd4 Qxd4 7. Nxd4 Bd7
8. Be3 O-O-O 9. Nd2 Bc5 10. Nf5 Bb4 11. Nxg7 Nf6 12. c3 Bf8 13. Nf5 Nxe4 14.
Nxe4 Bxf5 15. Ng3 Be6 16. O-O Rg8 17. Rad1 Rxd1 18. Rxd1 Bxa2 19. f3 Bd6 20.
Nf5 Kd7 21. Bf4 Rg6 22. Kf2 Bd5 23. Nxd6 cxd6 24. g4 Bb3 25. Rd2 b6 26. h4 d5
27. Re2 c5 28. Re5 f6 29. Rh5 Rg7 30. Rh6 Rf7 31. Be3 Bd1 32. Kg3 Kc8 33. h5
Kd7 34. f4 Kc8 35. Kh4 Bc2 36. f5 Kb7 37. Kg3 a5 38. Kf4 Bd1 39. Bf2 Re7 40.
Rxf6 Re4+ 41. Kg3 Rxg4+ 42. Kh3 Rg5 43. h6 Bg4+ 44. Kg3 Bxf5+ 45. Kf4 Rg2 46.
Kxf5 Rxf2+ {expert101 resigns} 0-1

[Event "ICS rated standard match"]
[Site "204.178.125.65"]
[Date "2000.06.11"]
[Round "?"]
[White "Hossa"]
[Black "bawon"]
[Result "1-0"]
[WhiteElo "2339"]
[BlackElo "2132"]
[PlyCount "37"]
[EventDate "2000.??.??"]

1. e4 c5 2. Nf3 e6 3. d4 cxd4 4. Nxd4 a6 5. Bd3 Qc7 6. Nc3 Nf6 7. Be3 d6 8. O-O
Be7 9. Qd2 O-O 10. Rfd1 Nc6 11. Be2 Bd7 12. Nf3 b5 13. a3 Rac8 14. Bg5 Rfd8 15.
Bxf6 gxf6 16. Qh6 Ne5 17. Nxe5 Bf8 18. Qxf6 Bg7 19. Qxf7+ {bawon resigns} 1-0

[Event "ICS rated blitz match"]
[Site "204.178.125.65"]
[Date "2000.06.11"]
[Round "?"]
[White "Hossa"]
[Black "PRCA"]
[Result "1-0"]
[WhiteElo "2417"]
[BlackElo "2127"]
[PlyCount "57"]
[EventDate "2000.??.??"]

1. e4 e5 2. Nf3 Nc6 3. Bb5 a6 4. Ba4 Nf6 5. O-O b5 6. Bb3 Be7 7. Re1 O-O 8. c3
d5 9. exd5 Nxd5 10. Nxe5 Nxe5 11. Rxe5 Nf6 12. d4 Bd6 13. Re2 Ng4 14. h3 Qh4
15. Bd5 c6 16. Bxc6 Ra7 17. a4 bxa4 18. Na3 Re7 19. Qe1 Bh2+ 20. Kf1 Rxe2 21.
Qxe2 Nxf2 22. Qxf2 Bg3 23. Qf3 g5 24. Qf6 h6 25. Nc4 Bxh3 26. gxh3 Qxh3+ 27.
Ke2 Qh2+ 28. Kd3 Bc7 29. Bxg5 {PRCA resigns} 1-0

[Event "ICS rated blitz match"]
[Site "204.178.125.65"]
[Date "2000.06.11"]
[Round "?"]
[White "PRCA"]
[Black "Hossa"]
[Result "0-1"]
[WhiteElo "2122"]
[BlackElo "2422"]
[PlyCount "38"]
[EventDate "2000.??.??"]

1. e4 e5 2. Nf3 Nc6 3. Bb5 a6 4. Ba4 d6 5. d4 b5 6. Bb3 Nxd4 7. Nxd4 exd4 8.
O-O c5 9. a4 Bb7 10. Qf3 c4 11. Ba2 Nf6 12. Re1 Be7 13. b3 O-O 14. bxc4 bxa4
15. Qd3 Nd7 16. Bb2 Bf6 17. Bxd4 Nc5 18. Bxf6 Nxd3 19. Bxd8 Nxe1 {PRCA resigns}
0-1

[Event "ICS rated standard match"]
[Site "204.178.125.65"]
[Date "2000.06.11"]
[Round "?"]
[White "FermatX"]
[Black "Hossa"]
[Result "1-0"]
[WhiteElo "2516"]
[BlackElo "2346"]
[PlyCount "139"]
[EventDate "2000.??.??"]

1. d4 Nf6 2. c4 g6 3. Nc3 d5 4. cxd5 Nxd5 5. e4 Nxc3 6. bxc3 c5 7. Bc4 Bg7 8.
Ne2 cxd4 9. cxd4 Nc6 10. Be3 Qa5+ 11. Bd2 Qd8 12. Be3 Qa5+ 13. Kf1 O-O 14. Rc1
Qa3 15. Qb3 Qd6 16. Bd5 a5 17. f3 Nb4 18. Bc4 Nc6 19. e5 Qd8 20. a4 Nb4 21. h4
h5 22. Bd2 Bf5 23. Bxb4 axb4 24. Qxb4 Bh6 25. Ra1 Qd7 26. a5 Rfc8 27. Kf2 Qc6
28. Bb3 e6 29. Qb6 Qd7 30. Ba4 Qd5 31. Bb5 Rc2 32. Rhd1 Rb2 33. Bc4 Rxb6 34.
Bxd5 Rb5 35. Be4 Bxe4 36. fxe4 Rbxa5 37. Rxa5 Rxa5 38. g3 Bg7 39. Rb1 Ra7 40.
Rb6 Bf8 41. Nc3 Be7 42. Nb5 Bd8 43. Nxa7 Bxb6 44. Nb5 Kg7 45. Ke3 f6 46. exf6+
Kxf6 47. e5+ Kf5 48. Nd6+ Kg4 49. Nxb7 Kxg3 50. Nc5 Kxh4 51. Kf3 Ba5 52. Nxe6
Bc3 53. Ke3 Bb2 54. Nf4 Kg5 55. Ke4 Bc1 56. Ne2 Ba3 57. d5 h4 58. d6 Bc5 59.
Kd5 Be3 60. e6 Kf6 61. e7 Kf7 62. Kc6 h3 63. Kd7 Bh6 64. e8=Q+ Kg7 65. Qe7+ Kh8
66. Kc8 h2 67. d7 Bg7 68. d8=Q+ Kh7 69. Qdc7 h1=Q 70. Qxg7# {Hossa checkmated}
1-0

[Event "ICS rated blitz match"]
[Site "204.178.125.65"]
[Date "2000.06.11"]
[Round "?"]
[White "MrPeabody"]
[Black "Hossa"]
[Result "1-0"]
[WhiteElo "2580"]
[BlackElo "2427"]
[PlyCount "67"]
[EventDate "2000.??.??"]

1. d4 Nf6 2. c4 e6 3. g3 c5 4. Nf3 cxd4 5. Nxd4 Qc7 6. Nc3 Qxc4 7. e4 Qc5 8.
Ndb5 b6 9. Bf4 e5 10. Rc1 exf4 11. Nd5 Nxe4 12. Rxc5 Bxc5 13. Nbc7+ Kd8 14. Qg4
Bxf2+ 15. Kd1 g5 16. Qf5 Nc6 17. Nxa8 Re8 18. Bd3 Re5 19. Qxf7 Bb7 20. gxf4
gxf4 21. Qf8+ Re8 22. Qxf4 Ne5 23. Bxe4 Bxa8 24. Qxf2 Bxd5 25. Bxd5 Kc7 26. Re1
a5 27. Qf5 Re7 28. Rxe5 Rg7 29. Re8 Rg1+ 30. Kd2 Rg6 31. Qf8 Rg2+ 32. Ke3 Re2+
33. Kxe2 b5 34. Qc5# {Hossa checkmated} 1-0

[Event "ICS rated blitz match"]
[Site "204.178.125.65"]
[Date "2000.06.11"]
[Round "?"]
[White "Hossa"]
[Black "MrPeabody"]
[Result "0-1"]
[WhiteElo "2418"]
[BlackElo "2589"]
[PlyCount "64"]
[EventDate "2000.??.??"]

1. d4 d5 2. Nf3 Nf6 3. e3 e6 4. Nbd2 c5 5. c3 Nc6 6. Bd3 Be7 7. dxc5 Bxc5 8.
Nb3 Bd6 9. O-O O-O 10. c4 Nb4 11. cxd5 Nxd3 12. Qxd3 Nxd5 13. Rd1 f5 14. Bd2
Qf6 15. Nbd4 Bd7 16. Nb5 Bxb5 17. Qxb5 Rf7 18. Rac1 a6 19. Qb3 Rd8 20. e4 fxe4
21. Bg5 Qg6 22. Bxd8 Rxf3 23. Qxb7 Bxh2+ 24. Kxh2 Nf4 25. Qf7+ Kxf7 26. Rc7+
Kg8 27. Bg5 Qh5+ 28. Kg1 Ne2+ 29. Kf1 Ng3+ 30. Ke1 Qh1+ 31. Kd2 Rd3+ 32. Kc2
Qxd1# {Hossa checkmated} 0-1

[Event "ICS rated standard match"]
[Site "204.178.125.65"]
[Date "2000.06.11"]
[Round "?"]
[White "Hossa"]
[Black "josechess"]
[Result "1-0"]
[WhiteElo "2342"]
[BlackElo "2406"]
[PlyCount "76"]
[EventDate "2000.??.??"]

1. e4 e6 2. Nf3 d5 3. e5 c5 4. d4 Qb6 5. Nc3 Bd7 6. dxc5 Bxc5 7. Qd2 Nh6 8. Bd3
a6 9. O-O Bb5 10. Nxb5 axb5 11. Qg5 O-O 12. Qh5 Nf5 13. Bxf5 exf5 14. Qxf5 Qg6
15. Qxg6 hxg6 16. Rd1 Rd8 17. Bg5 Rd7 18. Re1 Nc6 19. e6 fxe6 20. Rxe6 Nd4 21.
Nxd4 Bxd4 22. c3 Kf7 23. Rae1 Bc5 24. a3 d4 25. cxd4 Bxd4 26. R6e2 b4 27. axb4
Ra2 28. Rd1 Rc7 29. Kf1 Ba7 30. Bd8 Rc4 31. Re7+ Kg8 32. Rxb7 Bxf2 33. Kxf2
Rxb2+ 34. Kg1 Rcc2 35. Bc7 Rxg2+ 36. Kh1 Rg5 37. Re1 Rf2 38. Bg3 Rff5 {
josechess resigns} 1-0